00992nam a2200229Ia 4500003000900000008004100009020001800050040001600068111009300084245018600177260004200363300001400405490005000419650002900469650002900498650004900527700002900576710003700605942000700642999001500649952009800664IN-BaIIA211028s9999 xx 000 0 eng d a90-277-0341-8 cIIA Library aInternational Astronomical Union Colloquiumn21thcToronto, Candad1972 Aug. 29-3198383 0aVariable stars in globular clusters and in related systemsbproceedings of the IAU colloquium no. 21, held in University of Toronto, Canda, August 29-31,1972cedited by J. D. Fernie aDordrechtbD. Reidel Publishingc1973 avi, 228p. aAstrophysics and space science library; v. 36 a Stars - variable98384 a Variable stars 98264 aAstronomy and astrophysics thesaurus 91143 aFernie, J. D., ed.98385 aInternational Astronomical Union cBK c4725d4725 00104070aBANbBANcGENd1975-05-08l0o52(082.1)/ ASS-36p5280r2021-11-05w1975-05-08yBK